000 00651cam a2200229 a 4500
001 3522996
005 20250702153307.0
008 960102s1996 enka b 001 0 eng
020 _a0801020867
_qU.S.
020 _a0853646775
_qU.K.
020 _a9780801020865
_q(U.S.)
020 _a9780853646778
_q(U.K.)
050 0 0 _aBS540
_b.C36 1996
082 0 0 _a220.6/01
_220
100 1 _aCarson, D. A.
245 1 0 _aExegetical fallacies /
_cD.A. Carson.
250 _a2nd ed.
260 _aCarlisle, U.K. :
_bPaternoster ;
_aGrand Rapids, Mich. :
_bBaker Books,
_cc1996.
300 _a148 p. :
_bill. ;
_c22 cm.
650 0 _aErrors.
942 _2lcc
_cBK
_n0
999 _c6812
_d6812